000 00651nam a2200241Ia 4500
003 OSt
005 20221005070101.0
006 a|||||r|||| 00| 0
007 ta
008 221004b |||||||| |||| 00| 0 mar d
024 _a40315
037 _cTextual
040 _aCRL
_cCRL
_bmar
041 _2mar
_amar
082 _aO155,2N231,1, J9
100 _aKantkar Vasant
_9605272
245 0 _aVedyach ghar unhanth
260 _aMumbai
_bPopular book depo India
_c1959
300 _a95p.
_ccm.
650 _aMARATHI LITERATURE
_938000
942 _hO155,2N231,1, J9
_cTEXL
_2cc
999 _c975625
_d975625